Ilia Mihály hatvanéves. Az Ilia effektus - Erdély felől nézve
Elmentve itt :
| Szerző: | |
|---|---|
| Adatforrás: | Meister |
| Forrásdokumentuma: | A Hét. - 39 sz., 1994, 8 p. |
| Nyelv: | magyar |
| Kulcsszavak: | évforduló sajtó ILIA Mihály Tiszatáj |
| LEADER | 00422nab a2200157 i 4500 | ||
|---|---|---|---|
| 001 | bibPRO00005719 | ||
| 008 | 060524s1994 xx hun | ||
| 040 | |a Sz1 | ||
| 041 | |a hun | ||
| 100 | 1 | |a GÁLL Ernő | |
| 245 | 1 | 0 | |a Ilia Mihály hatvanéves. Az Ilia effektus - Erdély felől nézve |c GÁLL Ernő |
| 695 | |a évforduló | ||
| 695 | |a sajtó | ||
| 695 | |a ILIA Mihály | ||
| 695 | |a Tiszatáj | ||
| 773 | 0 | |t A Hét. - |g 39 sz., 1994, 8 p. | |